Statistics for Ballon d'Or Dream Teams

Click here to take the quiz!

General Stats

  • This quiz has been taken 61 times
  • The average score is 24 of 33

Answer Stats

PositionNationalityPlayer% Correct
RWArgentineLionel Messi
98%
STBrazilianRonaldo
98%
GKSovietLev Yashin
96%
LCBItalianPaolo Maldini
95%
LWPortugueseCristiano Ronaldo
93%
GKItalianGianluigi Buffon
93%
RCMSpanishXavi
93%
CBGermanFranz Beckenbauer
91%
GKGermanManuel Neuer
91%
STDutchJohan Cruyff
89%
LMSpanishAndrés Iniesta
86%
RMArgentineDiego Maradona
86%
LMBrazilianPelé
84%
LCBBrazilianRoberto Carlos
84%
LWBrazilianRonaldinho
84%
RMFrenchZinedine Zidane
84%
STDutchMarco Van Basten
82%
RCBBrazilianCafu
80%
LWFrenchThierry Henry
79%
LCMGermanLothar Matthäus
75%
CBSpanishSergio Ramos
75%
RCBGermanPhilipp Lahm
71%
RCMItalianAndrea Pirlo
68%
CBItalianFranco Baresi
66%
RWBrazilianGarrincha
64%
LMArgentine/SpanishAlfredo Di Stefano
59%
RMFrenchMichel Platini
55%
RCBBrazilianCarlos Alberto
50%
LCMDutchFrank Rijkaard
50%
RWBritish/Northern IrishGeorge Best
48%
RCMDutchJohan Neeskens
21%
LCBGermanPaul Breitner
11%
LCMBrazilianDidi
7%

Score Distribution

Percentile by Number Answered

Percent of People with Each Score

Your Score History

You have not taken this quiz